| 000 | 00547nam a22001457a 4500 | ||
|---|---|---|---|
| 082 | _a346.024 ALI | ||
| 100 | _aAli, Hamid & Ali, Zaka | ||
| 245 |
_aCombined set of fundamental rules & supplementary rules (volumes 1 & II) : _bapplicable to the federal servants in Pakistan with model questions & answers / _cHamid Ali & Zaka Ali |
||
| 250 | _aRevised Edition. | ||
| 260 |
_aKarachi : _bThe Ideal Publishers, _c2020. |
||
| 300 |
_a1030 p. ; _c24 cm. |
||
| 942 |
_2ddc _cBK |
||
| 999 |
_c586936 _d586936 |
||